000 00554nam a2200217Ia 4500
005 20250923150154.0
008 008 250917s9999 xx 000 0 eng d
037 _aTextual
040 _aDSWL
_beng
_cDSWL
041 _aeng
_2eng
084 _qDSWL
100 _aMohanty, L N P
_9843024
245 0 _aSlum in India
_cby LNP Mohanty
260 _aNew Delhi
_b APH Pub Corp India
_c2005
300 _a173p.
365 _aINR
_b495 .0
650 _a S Mohanty
_9843025
925 _g495 .0
942 _cTEXL
999 _c1460387
_d1460387